000 00871cab a2200241 4500
001 ABS40902
008 090401t1989 xxu||||| |||| 00| 0 eng d
035 _a(Sirsi) u26854
041 _aeng
100 _aBurns, A.
245 _aContractors claims: a review of loss and expense
260 _c1989
350 _a0
490 _aChartered Surveyor Weekly
_v27(10) 8 June 1989, 73-75(3)
520 _aDescribes how to calculate "direct loss and/or expense" under building contracts and the three formula methods. Eichleay formula , Emdens formula and Hudson formula with reference to case law .
650 _aFINNEGAN LTD V SHEFFIELD CC
650 _aLOSS AND EXPENSE
650 _aWHITTAL BUILDERS COMPANY LIMITED V CHESTER LE STREET DC
690 _aBUILT ENVIRONMENT-BUILDING CONTRACT FORMS
700 _aTolson, S.
942 _n0
948 _c04/03/1997
999 _c18087
_d18087